Skip to content
VuFind
All Fields
Title
Author
Subject
Call Number
ISBN/ISSN
Tag
Find
Advanced
Persembahan pita slaid
Cite this
Print
Export Record
Export to RefWorks
Export to EndNoteWeb
Export to EndNote
Export to MARC
Persembahan pita slaid
Bibliographic Details
Format:
Book
Subjects:
Audio visuals
Slides
Holdings
Description
Similar Items
Staff View
MARC
LEADER
00000cam a2200000 7i4500
001
0000005139
005
20000508.0
040
|a
INS
090
0
0
|a
AV 1
245
0
0
|a
Persembahan pita slaid
650
0
0
|a
Audio visuals
650
0
0
|a
Slides
999
|a
AV00000243
|b
BOOK
|c
Course Notes
|e
Default branch
Similar Items
Bengkel pengeluaran : pita Slaid (20/6/83 - 9/7/83)
Setting up a Video production facility
TA is for everyone by T.A. Jackson
Transtel technology : setting up a video production facility
Kursus Pengenalan Komputer 9-13 januari 1989